[Event "Champ FRA - Under 12"]
[Site "Europe Echecs"]
[Date "2020.07.08"]
[Round "2"]
[White "PaineauMael"]
[Black "BOUMRARAyrad"]
[Result "0-1"]
[WhiteElo "1121"]
[BlackElo "1431"]
[PlyCount "74"]
[EventDate "2020.??.??"]

1. e4 c5 2. b3 Nc6 3. Bb2 e5 4. Nf3 d6 5. Nc3 Nge7 6. Bc4 Na5 7. Be2 g6 8. O-O
Bg7 9. a3 Nac6 10. Bc4 O-O 11. Nd5 Na5 12. Nxe7+ Qxe7 13. Be2 Be6 14. Bc3 Nc6
15. d3 Nd4 16. Nxd4 cxd4 17. Bb4 a5 18. Bd2 Rfc8 19. Rb1 Qc7 20. Rb2 d5 21. Bf3
dxe4 22. Bxe4 f5 23. Bf3 Bf6 24. Qc1 Rd8 25. Bg5 Bxg5 26. Qxg5 Kg7 27. a4 h6
28. Qd2 Rac8 29. Rc1 b6 30. Qe2 Kf6 31. Qd2 Qc3 32. Qxc3 Rxc3 33. Rbb1 Rdc8 34.
Bd1 Kg5 35. g3 h5 36. h4+ Kh6 37. Kg2 Bxb3 {PaineauMael a abandonné} 0-1

[Event "Champ FRA - Under 12"]
[Site "Europe Echecs"]
[Date "2020.07.08"]
[Round "2"]
[White "GhazaryanGor"]
[Black "LemoalZakarya"]
[Result "1-0"]
[WhiteElo "1431"]
[BlackElo "1134"]
[PlyCount "65"]
[EventDate "2020.??.??"]

1. e4 c6 2. d4 d5 3. exd5 cxd5 4. c4 Nf6 5. Nf3 Bg4 6. Nc3 e6 7. Be3 Bb4 8. h3
Bh5 9. Qa4+ Nc6 10. Ne5 Qc7 11. Bf4 Bd6 12. Nb5 Qd8 13. Nxc6 bxc6 14. Nxd6+ Kf8
15. Qxc6 Rb8 16. Nb7 Qc8 17. Qd6+ Kg8 18. Qxb8 Qxb8 19. Bxb8 Nd7 20. Bg3 h6 21.
cxd5 exd5 22. Bd3 f6 23. Rc1 Kf7 24. Rc7 Re8+ 25. Kd2 Re7 26. Nd6+ Kf8 27. Rc8+
Be8 28. Nf5 Kg8 29. Nxe7+ Kf8 30. Ng6+ Kf7 31. Re1 Kg8 32. Rexe8+ Kf7 33. Re7#
{LemoalZakarya est échec et mat} 1-0

[Event "Champ FRA - Under 12"]
[Site "Europe Echecs"]
[Date "2020.07.08"]
[Round "2"]
[White "RigaudRetourne"]
[Black "LamagaSacha"]
[Result "0-1"]
[WhiteElo "1103"]
[BlackElo "1430"]
[PlyCount "134"]
[EventDate "2020.??.??"]

1. e4 e5 2. Nf3 Nc6 3. d4 exd4 4. Nxd4 Qh4 5. Nc3 Bc5 6. Be3 Nf6 7. g3 Qg4 8.
Be2 Qg6 9. Bf3 Nxd4 10. Bxd4 Bxd4 11. Qxd4 d6 12. h3 Nd7 13. Nd5 Kd8 14. O-O-O
Nf6 15. Nxf6 Qxf6 16. Qxf6+ gxf6 17. g4 Be6 18. Rhe1 Re8 19. Bg2 a5 20. a3 Rb8
21. f4 Bd7 22. Kb1 Rh8 23. e5 fxe5 24. fxe5 dxe5 25. Rxe5 Re8 26. Red5 Re7 27.
R5d2 c6 28. h4 Kc7 29. g5 Bg4 30. Rf1 Rd8 31. Rxd8 Kxd8 32. c3 Kc7 33. Kc2 Kd6
34. Kd3 Be2+ 35. Kd2 Bxf1 36. Bxf1 Re4 37. h5 Rg4 38. g6 fxg6 39. hxg6 hxg6 40.
b4 axb4 41. axb4 Rf4 42. Bd3 g5 43. Be2 b6 44. Kd3 c5 45. bxc5+ bxc5 46. c4
Rd4+ 47. Kc3 Ke5 48. Bf1 g4 49. Bg2 g3 50. Kc2 Kf4 51. Kc3 Ke3 52. Kc2 Rxc4+
53. Kb3 Rb4+ 54. Kc3 Kf2 55. Bh3 g2 56. Bxg2 Kxg2 57. Kd3 Kf3 58. Kc3 Ke4 59.
Kc2 Kd4 60. Kd2 Rb2+ 61. Kc1 Kc3 62. Kd1 Ra2 63. Ke1 Kd3 64. Kf1 Ke3 65. Kg1
Kf3 66. Kh1 Kg3 67. Kg1 Ra1# {RigaudRetourne est échec et mat} 0-1

[Event "Champ FRA - Under 12"]
[Site "Europe Echecs"]
[Date "2020.07.08"]
[Round "2"]
[White "LovichiRaphael"]
[Black "KirakosyanEmil"]
[Result "1-0"]
[WhiteElo "1406"]
[BlackElo "1124"]
[PlyCount "129"]
[EventDate "2020.??.??"]

1. e4 e5 2. Nf3 Nc6 3. Bc4 Nf6 4. d3 h6 5. O-O Bc5 6. a4 d6 7. c3 a5 8. Re1 Bg4
9. Nbd2 O-O 10. Nf1 Bh5 11. Ng3 Bxf3 12. Qxf3 Qd7 13. Bxh6 Qg4 14. Qxg4 Nxg4
15. Be3 Nxe3 16. fxe3 Ne7 17. d4 exd4 18. exd4 Bb6 19. e5 dxe5 20. Rxe5 Ng6 21.
Re4 Rfe8 22. Rae1 Rxe4 23. Rxe4 Kf8 24. Kf2 Re8 25. Rxe8+ Kxe8 26. Nf5 Kf8 27.
Bd5 c6 28. Bf3 Ne7 29. Nd6 Nd5 30. Bxd5 cxd5 31. Nxb7 Ke7 32. Nc5 Kd6 33. b4
axb4 34. cxb4 Kc6 35. Ke3 g6 36. Nd3 Kd6 37. Ne5 Ke6 38. a5 Bc7 39. a6 Bb6 40.
Nc6 Kd6 41. a7 Bxa7 42. Nxa7 Kc7 43. Nb5+ Kc6 44. Nc3 f6 45. g4 Kd6 46. h4 f5
47. gxf5 gxf5 48. Kf4 Ke6 49. h5 Kf6 50. Nxd5+ Ke6 51. h6 Kf7 52. b5 Kg6 53. b6
Kxh6 54. b7 Kg6 55. b8=Q Kf7 56. Qd8 Ke6 57. Qe7+ Kxd5 58. Qe5+ Kc4 59. d5 Kc5
60. d6+ Kc4 61. d7 Kd3 62. d8=Q+ Kc4 63. Qec7+ Kb5 64. Qdb8+ Ka4 65. Qca7# {
KirakosyanEmil est échec et mat} 1-0

[Event "Champ FRA - Under 12"]
[Site "Europe Echecs"]
[Date "2020.07.08"]
[Round "2"]
[White "EhrhardEmeric"]
[Black "RequenaSacha"]
[Result "1-0"]
[WhiteElo "1096"]
[BlackElo "1397"]
[PlyCount "105"]
[EventDate "2020.??.??"]

1. d4 g6 2. c4 Bg7 3. Nc3 c5 4. e3 d6 5. Nf3 Bg4 6. Be2 Nd7 7. h3 Bxf3 8. Bxf3
Rb8 9. O-O Ngf6 10. dxc5 Nxc5 11. Nd5 O-O 12. Re1 Nxd5 13. cxd5 Qb6 14. Rb1
Rbc8 15. b3 Rc7 16. Bb2 Bxb2 17. Rxb2 Rfc8 18. Qd2 Nd7 19. Rbb1 Ne5 20. Be4 f5
21. Bd3 Rc3 22. Bc4 Nxc4 23. Qxc3 Qa6 24. bxc4 Rxc4 25. Qd3 Kf7 26. Qb3 b6 27.
Qb5 Qxb5 28. Rxb5 Rc2 29. Ra1 e6 30. dxe6+ Kxe6 31. Rbb1 Kd7 32. Rd1 b5 33. a4
b4 34. Rab1 a5 35. Rd5 Rc5 36. Rxc5 dxc5 37. Kf1 c4 38. Ke2 Kc6 39. Kd2 Kc5 40.
Kc2 h5 41. h4 Kd5 42. f3 Ke5 43. Kd2 Kd5 44. Ke2 b3 45. Kd2 Kc5 46. Kc3 Kd5 47.
Rd1+ Kc5 48. Rd4 b2 49. Kxb2 Kb4 50. e4 fxe4 51. fxe4 Kc5 52. Rd1 Kb4 53. e5 {
RequenaSacha a abandonné} 1-0

[Event "Champ FRA - Under 12"]
[Site "Europe Echecs"]
[Date "2020.07.08"]
[Round "2"]
[White "RoySuvrojita"]
[Black "LambertArthur"]
[Result "1-0"]
[WhiteElo "1080"]
[BlackElo "1380"]
[PlyCount "133"]
[EventDate "2020.??.??"]

1. e4 e5 2. Nf3 Nc6 3. d4 exd4 4. Nxd4 Nxd4 5. Qxd4 Nf6 6. Nc3 b6 7. Bd3 Bc5 8.
Qe5+ Qe7 9. Qxe7+ Bxe7 10. Nb5 Bd6 11. Bg5 Be5 12. Bxf6 gxf6 13. c3 c6 14. Nd4
Bxd4 15. cxd4 d5 16. O-O Be6 17. Rfe1 dxe4 18. Bxe4 Rc8 19. Bf5 Kd7 20. Be4 Bd5
21. Bf5+ Be6 22. Be4 Rhe8 23. Rac1 c5 24. d5 Bg4 25. f3 f5 26. fxg4 fxe4 27.
Rc4 e3 28. Rc2 Kd6 29. Rce2 Kxd5 30. Rxe3 Rxe3 31. Rxe3 c4 32. Rf3 Rf8 33. Kf2
Kd4 34. Ke2 b5 35. Rf4+ Kc5 36. Kd2 a5 37. Rf5+ Kb6 38. Kc3 f6 39. g5 b4+ 40.
Kxc4 Rc8+ 41. Kb3 fxg5 42. Rxg5 Re8 43. g3 h6 44. Rg6+ Kb5 45. Kc2 Re2+ 46. Kc1
Rxh2 47. g4 Kc4 48. g5 Kd3 49. Rd6+ Ke3 50. Rxh6 Re2 51. Re6+ Kf4 52. Rxe2 Kxg5
53. Re5+ Kf4 54. Rxa5 Ke3 55. Rb5 b3 56. Rxb3+ Kd4 57. a4 Kc4 58. Rb8 Kc5 59.
a5 Kc4 60. a6 Kc5 61. a7 Kc4 62. a8=Q Kc5 63. Rd8 Kb6 64. Qc8 Ka7 65. Rd7+ Kb6
66. Rb7+ Ka5 67. Qa8# {LambertArthur est échec et mat} 1-0

[Event "Champ FRA - Under 12"]
[Site "Europe Echecs"]
[Date "2020.07.08"]
[Round "2"]
[White "ClaverieGabrie"]
[Black "PalmasAdriana"]
[Result "1-0"]
[WhiteElo "1069"]
[BlackElo "1380"]
[PlyCount "67"]
[EventDate "2020.??.??"]

1. e4 e5 2. Nf3 Nc6 3. Bb5 a6 4. Ba4 b5 5. Bb3 Nf6 6. O-O Nxe4 7. d4 d6 8. Bd5
Bb7 9. Bxe4 Be7 10. Be3 O-O 11. Qd3 g6 12. Nbd2 Rb8 13. c3 b4 14. Rab1 a5 15.
Rfc1 Bf6 16. Bd5 Qd7 17. Nf1 Rfe8 18. a3 bxa3 19. bxa3 a4 20. Rd1 Qc8 21. Qc4
Rf8 22. Bh6 Bg7 23. Bxg7 Kxg7 24. Ng5 Ba6 25. Qxc6 Rxb1 26. Rxb1 Bd3 27. Rd1
Qf5 28. Nf3 Be2 29. Re1 Bd3 30. Ng3 Qg4 31. Qxa4 f5 32. Qd7+ Kh6 33. Qe7 Rg8
34. Qh4+ {PalmasAdriana a perdu au temps} 1-0

[Event "Champ FRA - Under 12"]
[Site "Europe Echecs"]
[Date "2020.07.08"]
[Round "2"]
[White "CaullychurnAmb"]
[Black "YcardFaustine"]
[Result "1-0"]
[WhiteElo "1051"]
[BlackElo "1380"]
[PlyCount "35"]
[EventDate "2020.??.??"]

1. e4 e5 2. Nf3 Nc6 3. Bc4 Nf6 4. Ng5 Qe7 5. Bxf7+ Kd8 6. Bc4 h6 7. Nf7+ Ke8 8.
Nxh8 d6 9. Nc3 Bg4 10. f3 Bh5 11. g4 Bxg4 12. fxg4 Qd8 13. d3 Be7 14. Be3 Kd7
15. Qf3 Qxh8 16. Qf5+ Ke8 17. Qg6+ Kf8 18. Qf7# {YcardFaustine est échec et
mat} 1-0

[Event "Champ FRA - Under 12"]
[Site "Europe Echecs"]
[Date "2020.07.08"]
[Round "2"]
[White "KarushkovNguye"]
[Black "FamelDiane"]
[Result "0-1"]
[WhiteElo "1013"]
[BlackElo "1366"]
[PlyCount "54"]
[EventDate "2020.??.??"]

1. e4 c5 2. Nf3 g6 3. d4 cxd4 4. Nxd4 Bg7 5. Be3 Nc6 6. Nc3 Nf6 7. Qd2 O-O 8.
f3 d5 9. exd5 Nxd5 10. Bc4 Nf6 11. O-O-O a6 12. h4 b5 13. Nxc6 Qxd2+ 14. Rxd2
bxc4 15. Nxe7+ Kh8 16. Nxc8 Raxc8 17. g4 a5 18. h5 Rfe8 19. hxg6 fxg6 20. Bd4
Rcd8 21. Bxf6 Bxf6 22. Rxd8 Rxd8 23. Ne4 Be7 24. Rd1 Rf8 25. Rd7 Rf7 26. Nd6
Bg5+ 27. Kd1 Rxd7 {KarushkovNguye a abandonné} 0-1

[Event "Champ FRA - Under 12"]
[Site "Europe Echecs"]
[Date "2020.07.08"]
[Round "2"]
[White "KechkekianChae"]
[Black "MorlayeAlexand"]
[Result "0-1"]
[WhiteElo "1366"]
[BlackElo "1117"]
[PlyCount "40"]
[EventDate "2020.??.??"]

1. e4 e5 2. Nf3 Nc6 3. Nc3 Nf6 4. Bb5 d6 5. d4 exd4 6. Nxd4 Bd7 7. Bxc6 bxc6 8.
O-O Be7 9. h3 O-O 10. Be3 h6 11. f4 Rb8 12. Nb3 Be6 13. f5 Bc4 14. Rf4 Nd7 15.
Rg4 Ne5 16. Rf4 Bg5 17. Qd2 Bxf4 18. Bxf4 Bxb3 19. axb3 Rb7 20. g4 Nf3+ {
KechkekianChae a abandonné} 0-1

[Event "Champ FRA - Under 12"]
[Site "Europe Echecs"]
[Date "2020.07.08"]
[Round "2"]
[White "BernardiAlexan"]
[Black "FolioThomas"]
[Result "0-1"]
[WhiteElo "999"]
[BlackElo "1364"]
[PlyCount "73"]
[EventDate "2020.??.??"]

1. e4 c5 2. Bc4 Nc6 3. Nc3 g6 4. d3 Bg7 5. Bd2 e6 6. Nf3 Nge7 7. Qe2 O-O 8. O-O
d5 9. exd5 exd5 10. Bb5 a6 11. Bxc6 Nxc6 12. Qd1 Bg4 13. Re1 Ne5 14. Bf4 Nxf3+
15. gxf3 Bh3 16. Bg3 h5 17. f4 d4 18. Ne4 Qd5 19. c4 dxc3 20. bxc3 Bxc3 21. Qc2
Bxa1 22. Rxa1 f5 23. Qe2 fxe4 24. Qxe4 Qxe4 25. dxe4 Rad8 26. f3 Rd2 27. Rc1 b6
28. Be1 Rg2+ 29. Kh1 Rd8 30. Bh4 Rdd2 31. a4 Rxh2+ 32. Kg1 Rdg2+ 33. Kf1 Rc2+
34. Kg1 Rhg2+ 35. Kf1 Rxc1+ 36. Be1 Rgc2+ 37. Kg1 {BernardiAlexan a abandonné}
0-1

[Event "Champ FRA - Under 12"]
[Site "Europe Echecs"]
[Date "2020.07.08"]
[Round "2"]
[White "GuilloudRemi"]
[Black "PiolletEspinos"]
[Result "1-0"]
[WhiteElo "1352"]
[BlackElo "1100"]
[PlyCount "55"]
[EventDate "2020.??.??"]

1. e4 e5 2. Nf3 Nf6 3. Nc3 d6 4. Bc4 Be6 5. Bb3 Bxb3 6. axb3 Nc6 7. O-O Be7 8.
d3 Ng4 9. Nd5 g5 10. Nxe7 Qxe7 11. Bxg5 f6 12. Bd2 Qg7 13. Qc1 b6 14. h3 Nh6
15. Bxh6 Qf7 16. Qe3 Rg8 17. Nh4 Ne7 18. Qf3 Ng6 19. Nf5 Nf4 20. Bxf4 exf4 21.
Nh6 Qg7 22. Nxg8 Qxg8 23. Qxf4 Qf7 24. c4 Kd7 25. Qf5+ Kc6 26. d4 Rg8 27. Rxa7
Qg7 28. Qb5# {PiolletEspinos est échec et mat} 1-0

[Event "Champ FRA - Under 12"]
[Site "Europe Echecs"]
[Date "2020.07.08"]
[Round "2"]
[White "GluckPhileas"]
[Black "RoblinOlivier"]
[Result "0-1"]
[WhiteElo "999"]
[BlackElo "1352"]
[PlyCount "84"]
[EventDate "2020.??.??"]

1. e4 c5 2. Nf3 Nc6 3. Bb5 g6 4. Bxc6 bxc6 5. d4 cxd4 6. Nxd4 Bg7 7. Nf3 Rb8 8.
Nc3 Ba6 9. Be3 Qc7 10. Bd4 Bxd4 11. Qxd4 f6 12. Qa4 Qc8 13. Qd4 Nh6 14. Qe3 Nf7
15. Ne2 O-O 16. O-O Rxb2 17. Qxa7 Bxe2 18. Rfe1 Bxf3 19. gxf3 Ne5 20. Rab1
Nxf3+ 21. Kf1 Nd2+ 22. Ke2 Nxb1 23. Rxb1 Rxb1 24. Qa3 Rf7 25. c3 Qb7 26. Qa4
Qb5+ 27. Qxb5 Rxb5 28. c4 Rb2+ 29. Kd3 Rxa2 30. Kd4 Ra3 31. Kc5 Ra6 32. f3 d6+
33. Kb4 e5 34. c5 Rb7+ 35. Kc4 Ra4+ 36. Kc3 dxc5 37. Kd3 c4+ 38. Kc3 Rb3+ 39.
Kc2 Ra2+ 40. Kc1 c3 41. h3 Rbb2 42. h4 Ra1# {GluckPhileas est échec et mat}
0-1

[Event "Champ FRA - Under 12"]
[Site "Europe Echecs"]
[Date "2020.07.08"]
[Round "2"]
[White "FolioPierre"]
[Black "ScoupeLuca"]
[Result "1-0"]
[WhiteElo "1349"]
[BlackElo "1095"]
[PlyCount "115"]
[EventDate "2020.??.??"]

1. Nf3 Nf6 2. g3 g6 3. d3 Bg7 4. e4 d6 5. Bg2 O-O 6. O-O c6 7. Ne1 Qc7 8. f4
Nbd7 9. f5 Re8 10. Be3 Ne5 11. d4 Nc4 12. Qc1 e6 13. fxg6 fxg6 14. Bh6 e5 15.
b3 Nb6 16. Qg5 Nbd7 17. Bxg7 Kxg7 18. dxe5 Rxe5 19. Qf4 Qd8 20. Nd3 Re8 21. g4
Ne5 22. g5 Nh5 23. Qe3 Ng4 24. Qd4+ Kg8 25. h3 Ne5 26. Nd2 c5 27. Qe3 Rf8 28.
Nf3 Nxf3+ 29. Rxf3 Rxf3 30. Bxf3 Bxh3 31. Bxh5 gxh5 32. Qxh3 Qxg5+ 33. Qg2
Qxg2+ 34. Kxg2 Rf8 35. Rf1 Kh8 36. Rxf8+ Kg7 37. Rb8 Kf6 38. Rxb7 Kg5 39. Rxh7
Kf6 40. Rxh5 d5 41. Rxd5 Ke6 42. Re5+ Kd6 43. Rxc5 a5 44. Rxa5 Ke6 45. Kf3 Kf6
46. Kf4 Kg6 47. a3 Kf6 48. Ra6+ Kg7 49. Kf5 Kh7 50. Kg5 Kg7 51. Ra7+ Kf8 52.
Kf6 Ke8 53. Ke6 Kd8 54. Kd6 Kc8 55. Kc6 Kb8 56. Rh7 Ka8 57. Kb6 Kb8 58. Rh8# {
ScoupeLuca est échec et mat} 1-0

[Event "Champ FRA - Under 12"]
[Site "Europe Echecs"]
[Date "2020.07.08"]
[Round "2"]
[White "SchutzBastien"]
[Black "MareauNoe"]
[Result "1-0"]
[WhiteElo "1343"]
[BlackElo "1071"]
[PlyCount "91"]
[EventDate "2020.??.??"]

1. d4 d5 2. Bf4 Bf5 3. e3 e6 4. Nf3 Nf6 5. Bd3 Bg6 6. c3 Bd6 7. Bg3 a6 8. Qc2
Bxd3 9. Qxd3 h6 10. Nbd2 Nbd7 11. O-O O-O 12. Rfe1 Re8 13. e4 dxe4 14. Nxe4
Nxe4 15. Rxe4 Nf6 16. Re2 c6 17. Ne5 Bxe5 18. Bxe5 c5 19. Rd1 Qe7 20. Bxf6 gxf6
21. Qg3+ Kf8 22. Qh4 Kg7 23. Re3 f5 24. Rg3+ Kh7 25. Qxe7 Rxe7 26. dxc5 Rc7 27.
b4 a5 28. a3 axb4 29. cxb4 f4 30. Rf3 e5 31. h3 e4 32. Rxf4 Rxa3 33. Rxe4 Rb3
34. Rd6 f5 35. Rh4 Rg7 36. Rhxh6+ Kg8 37. Rd8+ Kf7 38. Rd7+ Kf8 39. Rh8+ Rg8
40. Rd8+ Ke7 41. Rhxg8 Rxb4 42. Rde8+ Kf6 43. Rgf8+ Kg5 44. Re5 Rc4 45. Rexf5+
Kh4 46. Rh8# {MareauNoe est échec et mat} 1-0

[Event "Champ FRA - Under 12"]
[Site "Europe Echecs"]
[Date "2020.07.08"]
[Round "2"]
[White "MekdachiMathie"]
[Black "RosuAndrei"]
[Result "1-0"]
[WhiteElo "999"]
[BlackElo "1342"]
[PlyCount "23"]
[EventDate "2020.??.??"]

1. d4 d5 2. c4 c6 3. Nc3 Nf6 4. Nf3 Bf5 5. Bf4 e6 6. Qb3 Qc8 7. cxd5 cxd5 8.
Rc1 Nc6 9. Ne5 Bd6 10. Nb5 Bxe5 11. dxe5 Nd7 12. Nd6+ {RosuAndrei a abandonné}
1-0

[Event "Champ FRA - Under 12"]
[Site "Europe Echecs"]
[Date "2020.07.08"]
[Round "2"]
[White "TureshbayevAno"]
[Black "HueberMaxime"]
[Result "0-1"]
[WhiteElo "799"]
[BlackElo "1420"]
[PlyCount "66"]
[EventDate "2020.??.??"]

1. e4 Nc6 2. d4 d5 3. exd5 Qxd5 4. Nf3 Bg4 5. Be3 O-O-O 6. c3 e5 7. Nbd2 e4 8.
Bc4 Qf5 9. Nh4 Qh5 10. f3 Qxh4+ 11. g3 Qf6 12. fxg4 Re8 13. d5 Ne5 14. Qa4 Rd8
15. O-O-O a6 16. Rhf1 Qg6 17. h3 Bd6 18. Bf4 Nd3+ 19. Bxd3 exd3 20. Bxd6 Qxd6
21. Rxf7 Qxg3 22. Rxg7 Qxh3 23. Qc4 Rd7 24. Rxd7 Kxd7 25. Qd4 Ne7 26. Qxh8 Nxd5
27. Qg7+ Kc6 28. Re1 Kb6 29. Re6+ c6 30. Nc4+ Ka7 31. Rxc6 Qf1+ 32. Kd2 Qe2+
33. Kc1 Qc2# {TureshbayevAno est échec et mat} 0-1

[Event "Champ FRA - Under 12"]
[Site "Europe Echecs"]
[Date "2020.07.08"]
[Round "2"]
[White "FontaineMaelys"]
[Black "BaudouinMoise"]
[Result "0-1"]
[WhiteElo "1500"]
[BlackElo "1135"]
[PlyCount "70"]
[EventDate "2020.??.??"]

1. d4 e6 2. Bf4 d5 3. Nf3 c5 4. e3 Nc6 5. c3 Nf6 6. Nbd2 Be7 7. Be2 O-O 8. O-O
Bd6 9. Ne5 Bc7 10. Nxc6 bxc6 11. Bxc7 Qxc7 12. Qc2 cxd4 13. exd4 e5 14. dxe5
Qxe5 15. Rfe1 Bf5 16. Bd3 Bxd3 17. Qxd3 Qd6 18. Re2 Rfe8 19. Rae1 Rxe2 20. Rxe2
Re8 21. Rxe8+ Nxe8 22. Nf3 Nf6 23. Qa6 Qc7 24. Nd4 Qe7 25. Nf3 Qe4 26. Kf1 Qb1+
27. Ne1 h6 28. Qxa7 Qxb2 29. a4 Qxc3 30. a5 Ng4 31. a6 Nxh2+ 32. Ke2 Qc4+ 33.
Nd3 Qc2+ 34. Ke3 Ng4+ 35. Kd4 Qc4# {FontaineMaelys est échec et mat} 0-1

[Event "Champ FRA - Under 12"]
[Site "Europe Echecs"]
[Date "2020.07.08"]
[Round "2"]
[White "BollengierRoma"]
[Black "TurcuLaura"]
[Result "1-0"]
[WhiteElo "1484"]
[BlackElo "1006"]
[PlyCount "45"]
[EventDate "2020.??.??"]

1. e4 e5 2. Nf3 Nc6 3. Bc4 Bc5 4. b4 Bxb4 5. c3 Bc5 6. d4 exd4 7. O-O dxc3 8.
Bxf7+ Kxf7 9. Qd5+ Ke8 10. Qxc5 d6 11. Qxc3 Qf6 12. e5 dxe5 13. Nxe5 Nxe5 14.
Re1 Ne7 15. Rxe5 b6 16. Bg5 Qg6 17. Qxc7 Bd7 18. Rxe7+ Kf8 19. Qxd7 Qxg5 20.
Rf7+ Kg8 21. Na3 Rd8 22. Qe6 Qd2 23. Rf6# {TurcuLaura est échec et mat} 1-0

[Event "Champ FRA - Under 12"]
[Site "Europe Echecs"]
[Date "2020.07.08"]
[Round "2"]
[White "RoubaudLouisAl"]
[Black "LambertHoareau"]
[Result "0-1"]
[WhiteElo "1101"]
[BlackElo "1348"]
[PlyCount "54"]
[EventDate "2020.??.??"]

1. d4 b6 2. Nd2 Nf6 3. e4 d6 4. Bc4 Bb7 5. Bd3 e5 6. dxe5 dxe5 7. Ngf3 Nbd7 8.
O-O Bd6 9. Re1 O-O 10. b3 c5 11. Bb2 Qc7 12. Nc4 Rfe8 13. Nxd6 Qxd6 14. Bb5
Qxd1 15. Raxd1 Rad8 16. Bxd7 Rxd7 17. Rxd7 Nxd7 18. Rd1 Nf6 19. Bxe5 Nxe4 20.
Rd7 Bc6 21. Rxa7 Nf6 22. Bxf6 gxf6 23. Nd2 Re1+ 24. Nf1 Bb5 25. Ra8+ Kg7 26. h3
Bxf1 27. Rc8 Ba6+ {RoubaudLouisAl a abandonné} 0-1

[Event "Champ FRA - Under 12"]
[Site "Europe Echecs"]
[Date "2020.07.08"]
[Round "2"]
[White "GourarMariem"]
[Black "DaoAntoine"]
[Result "0-1"]
[WhiteElo "1062"]
[BlackElo "1330"]
[PlyCount "46"]
[EventDate "2020.??.??"]

1. e4 e5 2. Nf3 Nc6 3. Bc4 Bc5 4. Nc3 Nf6 5. d3 d6 6. Bg5 h6 7. Bh4 g5 8. Bg3
Bg4 9. h3 Bh5 10. O-O Nd4 11. h4 Nxf3+ 12. gxf3 Rg8 13. Nd5 Nxd5 14. Bxd5 gxh4
15. Kg2 hxg3 16. fxg3 Qg5 17. g4 c6 18. d4 Bxd4 19. Qe1 cxd5 20. exd5 Bxg4 21.
fxg4 Qxg4+ 22. Qg3 Qxg3+ 23. Kh1 Qg2# {GourarMariem est échec et mat} 0-1

[Event "Champ FRA - Under 12"]
[Site "Europe Echecs"]
[Date "2020.07.08"]
[Round "2"]
[White "ColinPenelope"]
[Black "FontaineGregor"]
[Result "1-0"]
[WhiteElo "1290"]
[BlackElo "1140"]
[PlyCount "107"]
[EventDate "2020.??.??"]

1. e4 e5 2. f4 d6 3. Nf3 Nc6 4. Nc3 Bg4 5. h3 Bxf3 6. Qxf3 Qf6 7. Bc4 O-O-O 8.
O-O exf4 9. Qxf4 Qxf4 10. Rxf4 Nge7 11. Bxf7 d5 12. Nxd5 Nxd5 13. exd5 Bc5+ 14.
Kh2 Rhf8 15. Be6+ Kb8 16. Rxf8 Rxf8 17. dxc6 Bd6+ 18. Kg1 Bc5+ 19. Kh2 Bd6+ 20.
g3 Rf2+ 21. Kg1 Bxg3 22. cxb7 Rf6 23. Bd5 Bf2+ 24. Kg2 g5 25. b3 h5 26. Bb2 Rf5
27. Be4 Rf4 28. Bf3 Bc5 29. Re1 Rf8 30. Bxh5 Kxb7 31. Bf3+ Kb8 32. Bf6 Kc8 33.
Bg4+ Kb8 34. c3 Rxf6 35. Re8+ Kb7 36. Bf3+ c6 37. d4 Ba3 38. c4 Kb6 39. c5+ Kc7
40. Re7+ Kd8 41. Rxa7 Re6 42. Rxa3 Re3 43. Ra8+ Kd7 44. Ra6 g4 45. Bxg4+ Kc7
46. Ra7+ Kd8 47. Kf2 Re6 48. Bxe6 Ke8 49. Rd7 Kf8 50. Kf3 Ke8 51. Kf4 Kf8 52.
Kf5 Ke8 53. Kf6 Kf8 54. Rd8# {FontaineGregor est échec et mat} 1-0

[Event "Champ FRA - Under 12"]
[Site "Europe Echecs"]
[Date "2020.07.08"]
[Round "2"]
[White "GrallKewan"]
[Black "CassamChenaiAn"]
[Result "0-1"]
[WhiteElo "1054"]
[BlackElo "1839"]
[PlyCount "104"]
[EventDate "2020.??.??"]

1. d4 Nf6 2. Bf4 e6 3. Nf3 d5 4. e3 Bd6 5. Bg3 O-O 6. c4 c5 7. Nc3 Qc7 8. Qb3
b6 9. Bd3 Ba6 10. Nb5 Bxb5 11. Qxb5 a6 12. Qb3 b5 13. cxb5 c4 14. b6 Qd7 15.
Bxc4 dxc4 16. Qxc4 Rc8 17. Qb3 Rc6 18. O-O Bxg3 19. hxg3 Qb7 20. Rac1 Rxb6 21.
Qxb6 Qe7 22. Rc8+ Ne8 23. Qb3 Kf8 24. Ne5 Qa7 25. Qb4+ Qe7 26. Qxe7+ Kxe7 27.
Rfc1 Nd6 28. R1c7+ Kf6 29. Nd7+ Nxd7 30. Rxa8 Nb6 31. Rxa6 Nbc8 32. b4 Kf5 33.
Ra5+ Ke4 34. b5 Nb6 35. Rc6 Nbc4 36. Ra4 Kd5 37. Rc7 Nb6 38. Ra6 Nbc4 39. Kf1
Nxb5 40. Rd7+ Ke4 41. Rxf7 Kd3 42. a4 Nd2+ 43. Ke1 Na3 44. d5 exd5 45. Rc7 h5
46. Rd6 Nc2+ 47. Kd1 Nb4 48. Rb7 Kc3 49. Ke2 Ne4 50. Kf3 g5 51. a5 Kd3 52. Rxb4
Nd2# {GrallKewan est échec et mat} 0-1

[Event "Champ FRA - Under 12"]
[Site "Europe Echecs"]
[Date "2020.07.08"]
[Round "2"]
[White "NguyenSohayb"]
[Black "SakiMehdi"]
[Result "1-0"]
[WhiteElo "1473"]
[BlackElo "1107"]
[PlyCount "51"]
[EventDate "2020.??.??"]

1. e4 e5 2. Nf3 Nc6 3. Bc4 Bc5 4. c3 Nf6 5. d4 exd4 6. cxd4 Bb4+ 7. Bd2 Nxe4 8.
Bxb4 Nxb4 9. Bxf7+ Kxf7 10. Qb3+ d5 11. Qxb4 Re8 12. Ne5+ Kg8 13. O-O Qg5 14.
Qb3 Be6 15. Nc3 Nd2 16. Qxb7 Nxf1 17. Rxf1 Bh3 18. Qxd5+ Be6 19. Qf3 Rf8 20.
Qe4 Kh8 21. Nb5 Rab8 22. Nxc7 Rf4 23. Qe3 Bh3 24. Qxh3 Rxb2 25. Qc8+ Rf8 26.
Qxf8# {SakiMehdi est échec et mat} 1-0

[Event "Champ FRA - Under 12"]
[Site "Europe Echecs"]
[Date "2020.07.08"]
[Round "2"]
[White "DuboisGabriel"]
[Black "LamarreArmand"]
[Result "0-1"]
[WhiteElo "1124"]
[BlackElo "1449"]
[PlyCount "130"]
[EventDate "2020.??.??"]

1. f4 e5 2. e4 exf4 3. Nf3 Nf6 4. Nc3 Bb4 5. d3 O-O 6. a3 Bxc3+ 7. bxc3 d5 8.
exd5 Re8+ 9. Be2 Qxd5 10. Bxf4 c5 11. O-O Bg4 12. h3 Bf5 13. c4 Qd7 14. Ne5
Qd4+ 15. Kh1 Nbd7 16. Nf3 Qxf4 17. Nd2 Qe3 18. Bf3 Rab8 19. Re1 Qxe1+ 20. Qxe1
Rxe1+ 21. Rxe1 b6 22. g4 Bg6 23. Bc6 Kf8 24. g5 Rc8 25. Bb5 Re8 26. Nf3 Rxe1+
27. Nxe1 Ke7 28. gxf6+ Nxf6 29. Nf3 Kd6 30. Kg2 Nh5 31. Kf2 Nf4 32. Kg3 Ne2+
33. Kf2 Nd4 34. Nxd4 cxd4 35. Kf3 Ke5 36. h4 Bh5+ 37. Kg3 h6 38. a4 g5 39. hxg5
hxg5 40. Ba6 f5 41. Bc8 f4+ 42. Kf2 g4 43. Kg2 g3 44. Bb7 Kf5 45. Bc8+ Kg5 46.
Bb7 Kh4 47. Bc6 f3+ 48. Bxf3 Bxf3+ 49. Kxf3 Kh3 50. Ke4 g2 51. Kxd4 g1=Q+ 52.
Kc3 Qa1+ 53. Kd2 Qxa4 54. c3 Qa2+ 55. Ke3 Qc2 56. Kd4 a5 57. c5 bxc5+ 58. Kc4
a4 59. d4 cxd4 60. Kxd4 a3 61. c4 a2 62. c5 a1=Q+ 63. Kd5 Qac3 64. c6 Qxc6+ 65.
Kd4 Q2c3# {DuboisGabriel est échec et mat} 0-1

[Event "Champ FRA - Under 12"]
[Site "Europe Echecs"]
[Date "2020.07.08"]
[Round "2"]
[White "NoeMilan"]
[Black "RajapAhmedAsif"]
[Result "0-1"]
[WhiteElo "1110"]
[BlackElo "1428"]
[PlyCount "72"]
[EventDate "2020.??.??"]

1. d4 d5 2. Bf4 Nc6 3. e3 Bf5 4. Bd3 Bg6 5. c3 Nf6 6. Nf3 e6 7. Qe2 Bd6 8. Bg3
Bxd3 9. Qxd3 Ne4 10. Nbd2 Nxg3 11. hxg3 Qe7 12. c4 dxc4 13. Nxc4 O-O-O 14.
Nxd6+ Qxd6 15. O-O e5 16. Rad1 Rhe8 17. Qc3 f6 18. Rd2 e4 19. Nh4 Qe6 20. Rfd1
g5 21. d5 Qe5 22. f4 Qxc3 23. bxc3 Ne7 24. fxg5 fxg5 25. c4 gxh4 26. gxh4 Nf5
27. Re1 c6 28. h5 cxd5 29. cxd5 Ne7 30. d6 Nf5 31. Red1 Re6 32. d7+ Kb8 33. Kf2
Re7 34. g4 Ng7 35. Rd6 Ne6 36. R1d5 Nf8 {NoeMilan a perdu au temps} 0-1